000
00332nam a22001333 4500
001
206680
005
20250522130911.0
090
_a
206680
100
_a
20250522 ukry50
101
_a
ukr
102
_a
UA
200
_a
_i
2025
801
_2
unimarc
_a
UA
_g
psbo
942
_c
NEWSPAPER